000 00365nam a2200145Ia 4500
008 150201s2000 xx 000 0 und d
082 _a611
_bA2000M
100 _aMOFFRT, DB
245 _aANATOMY & PHYSIOLOGY FOR PHYSIOTHERAPISTS
250 _a2ND
260 _bBLACKWELL SCIENCE PUB.
_aEDINBURGH
_c2000
300 _a1-670
650 _aANATOMY
942 _2ddc
_cBK
999 _c4458
_d4458